000 01090cam a2200217 4500
001 J125146
008 040216n2003 000 0 eng u
035 _a(Sirsi) u125146
041 0 _aeng
050 0 4 _a333.0062 $2 18
110 2 _aRoyal Institution of Chartered Surveyors
_bFinance
_95107
245 0 0 _a2003 annual review and financial statements
260 _aLondon
_bRICS
_c2003
300 _a26p.
_c30cm.
490 0 _aRICS Financial Statements
490 0 _aRICS Annual Report
520 _aRICS annual review and financial statements for 2003. Includes overview written by President and Chief Executive. List the members of Governing Council, Officers, Strategy and Resources Board, Investment Sub-Group, Renumeration Sub-Group, senior staff, Audit Committee and professional advisors. Includes Honorary Treasurers report, Strategy and Resources Board report and the independent report of the professional auditors. Provides listings of other RICS activities and a five year summary.
651 4 _aInternational
690 _aABOUT RICS-RICS ANNUAL REPORT
942 _n0
999 _c103356
_d103356